Yaşayan bir anıt (Record no. 5408)

MARC details
000 -BAŞLIK
Sabit Uzunlukta Kontrol Alanı 00611na a2200217 4500
001 - KONTROL NUMARASI
Denetim Alanı 18410
003 - KONTROL NUMARASI IDENTIFIER
Denetim Alanı MIRAKIL
005 - SON İŞLEM TARİHİ VE ZAMANI
Denetim Alanı 20181213155036.0
008 - SABİT-BOY VERİ ELEMANLARI - GENEL BİLGİLER
Sabit Uzunlukta Kontrol Alanı 161117b tu 000 0
040 ## - KATALOGLAMA KAYNAK
Orijinal Kataloglama Ajansı Milas
Kataloglama Dili tur
Metne Dönüştürmek Ajansı TR-AnCHP
041 ## - DİL KODU
Metin / Ses Parça Veya Ayrı Başlığın Dil Kodu tur
082 ## - DEWEY ONLU SINIFLANDIRMA NUMARASI
Sınıflandırma Numarası 069.956223
Ürün Numarası K37a 2004
090 ## - SINIFLAMA NUMARASI
Sınıflama Numarası 069.956223 K37a 2004
100 ## - ANA GİRİŞ - KİŞİSEL İSİM
Kişisel Ad Keser, Hande
245 ## - BAŞLIK TABLOSU
Başlık Yaşayan bir anıt
Başlığın Kalan Adliye'den Kent Müzesi'ne
Sorumluluk Tablosu, Vb Hande Keser
246 ## - UNVAN FORM VARYING
Başlık Doğru / Kısa Başlığı Adliye'den Kent Müzesi'ne
260 ## - YAYIN, DAĞITIM, VB
Yayın, Dağıtım, Vb Yeri Bursa
Yayıncı, Dağıtıcı, Vs Adı Bursa Büyükşehir Belediyesi
Yayın, Dağıtım, Vb Tarihi 2004
300 ## - FİZİKSEL TANIM
Kapsam 86 s.
Diğer Fiziksel Ayrıntıları res.
Boyutlar 30 sm.
651 ## - KONU KATMA GİRİŞ - COĞRAFİ ADI
Coğrafi İsim Bursa
Genel Alt Bölümü kent müzesi
942 ## - EKLENDİ GİRİŞ ELEMANLARI (KOHA)
Sınıflandırma Veya Raf Düzeni Kaynak
Koha Öğesi Türü Books
999 ## - SİSTEM KONTROL NUMARALARI (KOHA)
Koha Biblionumber 5408
Koha Biblioitemnumber 5408
Holdings
Kalıcı Konum Mevcut Konum Edinme Tarihi Edinim Kaynak Toplam Check-Out'Lar Tam Çağrı Numarası Barkod Tarih Son Görülme İtibaren Geçerli Fiyatlar Koha Öğesi Türü
CHP Kütüphanesi CHP Kütüphanesi 11/17/2016 Bağış   069.956223 K37a 2004 009868 11/17/2016 11/17/2016 Books